[Event "EUYCC 2024 U12"]
[Site "?"]
[Date "2024.08.06"]
[Round "2.10"]
[White "Lickova, Anna"]
[Black "Sweetman, Hugo"]
[Result "0-1"]
[BlackElo "1493"]
[WhiteElo "1621"]
[LiveChessVersion "1.4.8"]

1. e4 {[%clk 1:30:57]} e5 {[%clk 1:30:44]} 2. Nf3 {[%clk 1:31:22]} Nf6
{[%clk 1:31:05]} 3. Nxe5 {[%clk 1:31:46]} d6 {[%clk 1:31:27]} 4. Nf3
{[%clk 1:32:12]} Nxe4 {[%clk 1:31:47]} 5. Nc3 {[%clk 1:32:38]} Nxc3
{[%clk 1:32:00]} 6. dxc3 {[%clk 1:33:03]} Be6 {[%clk 1:31:46]} 7. Be3
{[%clk 1:30:49]} Be7 {[%clk 1:29:49]} 8. Bd3 {[%clk 1:24:48]} Nd7
{[%clk 1:28:44]} 9. Qd2 {[%clk 1:21:36]} Nf6 {[%clk 1:26:23]} 10. h3
{[%clk 0:54:46]} Nd5 {[%clk 1:15:35]} 11. Bd4 {[%clk 0:44:11]} Bf6
{[%clk 1:15:05]} 12. Be4 {[%clk 0:39:46]} c6 {[%clk 1:02:14]} 13. O-O
{[%clk 0:28:02]} O-O {[%clk 0:47:34]} 14. Rfe1 {[%clk 0:25:08]} Bxd4
{[%clk 0:39:22]} 15. Nxd4 {[%clk 0:16:35]} Nc7 {[%clk 0:38:25]} 16. Bf5
{[%clk 0:12:48]} Qd7 {[%clk 0:35:16]} 17. Qd3 {[%clk 0:08:41]} g6
{[%clk 0:34:43]} 18. Bxe6 {[%clk 0:08:55]} Nxe6 {[%clk 0:34:57]} 19. Nxe6
{[%clk 0:08:32]} fxe6 {[%clk 0:34:49]} 20. Qe3 {[%clk 0:06:33]} Rf6
{[%clk 0:33:11]} 21. Re2 {[%clk 0:06:31]} Qe7 {[%clk 0:32:38]} 22. Rd1
{[%clk 0:06:26]} a6 {[%clk 0:30:32]} 23. Red2 {[%clk 0:06:00]} Rd8
{[%clk 0:29:41]} 24. Qg3 {[%clk 0:04:36]} e5 {[%clk 0:29:42]} 25. c4
{[%clk 0:04:19]} Re8 {[%clk 0:26:17]} 26. Qa3 {[%clk 0:03:30]} Rd8
{[%clk 0:26:02]} 27. b4 {[%clk 0:02:05]} Qf8 {[%clk 0:24:32]} 28. Qe3
{[%clk 0:01:33]} Qe7 {[%clk 0:24:23]} 29. a4 {[%clk 0:01:46]} Qc7
{[%clk 0:20:53]} 30. b5 {[%clk 0:01:11]} axb5 {[%clk 0:19:03]} 31. axb5
{[%clk 0:00:49]} c5 {[%clk 0:16:37]} 32. Qd3 {[%clk 0:00:54]} Kf8
{[%clk 0:16:22]} 33. Re2 {[%clk 0:01:15]} Re8 {[%clk 0:15:35]} 34. Qd5
{[%clk 0:00:47]} Ke7 {[%clk 0:13:44]} 35. Ra1 {[%clk 0:00:50]} Rd8
{[%clk 0:12:31]} 36. Ra7 {[%clk 0:01:00]} Rd7 {[%clk 0:12:30]} 37. Qg8
{[%clk 0:00:55]} Rf7 {[%clk 0:11:19]} 38. Ra1 {[%clk 0:00:33]} Rd8
{[%clk 0:11:30]} 39. Qxf7+ {[%clk 0:00:31]} Kxf7 {[%clk 0:11:47]} 40. Ra3
{[%clk 0:00:45]} Ke7 {[%clk 0:11:50]} 41. c3 {[%clk 0:01:04]} Rf8
{[%clk 0:11:48]} 42. f3 {[%clk 0:01:15]} Rf4 {[%clk 0:11:57]} 43. Ra4
{[%clk 0:01:17]} d5 {[%clk 0:11:50]} 44. g3 {[%clk 0:00:33]} Rxc4
{[%clk 0:12:07]} 45. Rxc4 {[%clk 0:00:41]} dxc4 {[%clk 0:12:29]} 46. f4
{[%clk 0:01:04]} Qa5 {[%clk 0:11:18]} 47. Rxe5+ {[%clk 0:01:08]} Kd6
{[%clk 0:11:34]} 48. Re3 {[%clk 0:00:54]} Qxb5 {[%clk 0:11:54]} 49. g4
{[%clk 0:01:15]} Qb1+ {[%clk 0:12:04]} 50. Kg2 {[%clk 0:01:23]} b5
{[%clk 0:11:56]} 51. Re8 {[%clk 0:00:32]} Qb2+ {[%clk 0:11:51]} 52. Kf1
{[%clk 0:00:35]} Kd7 {[%clk 0:12:04]} 53. Re5 {[%clk 0:00:33]} Qxc3
{[%clk 0:12:16]} 54. Rxc5 {[%clk 0:00:44]} Qd4 {[%clk 0:12:17]} 55. Rxb5
{[%clk 0:01:03]} c3 {[%clk 0:12:33]} 56. Rb7+ {[%clk 0:00:46]} Kc8
{[%clk 0:12:39]} 57. Rxh7 {[%clk 0:00:41]} c2 {[%clk 0:12:22]} 58. Kg2
{[%clk 0:00:36]} c1=Q {[%clk 0:12:30]} 59. f5 {[%clk 0:00:45]} Qcg1+
{[%clk 0:12:31]} 60. Kf3 {[%clk 0:01:00]} Qge3+ {[%clk 0:12:46]} 61. Kg2
{[%clk 0:01:04]} Qdd2+ {[%clk 0:13:00]} 62. Kh1 {[%clk 0:01:22]} Qee1#
{[%clk 0:13:17]} 0-1

[Event "EUYCC 2024 U12"]
[Site "?"]
[Date "2024.08.06"]
[Round "2.11"]
[White "Rudova, Jana"]
[Black "Zvolanek, Vojtech"]
[Result "1-0"]
[BlackElo "1601"]
[WhiteElo "1484"]
[LiveChessVersion "1.4.8"]

1. e4 {[%clk 1:30:57]} e5 {[%clk 1:30:51]} 2. Nf3 {[%clk 1:31:18]} Nc6
{[%clk 1:31:08]} 3. Nc3 {[%clk 1:31:33]} Nf6 {[%clk 1:31:18]} 4. Bb5
{[%clk 1:31:56]} a6 {[%clk 1:30:53]} 5. Bxc6 {[%clk 1:32:13]} dxc6
{[%clk 1:31:11]} 6. d3 {[%clk 1:32:33]} Bg4 {[%clk 1:30:47]} 7. h3
{[%clk 1:32:02]} Bh5 {[%clk 1:30:36]} 8. g4 {[%clk 1:31:20]} Bg6 {[%clk 1:30:38]}
9. Nxe5 {[%clk 1:30:57]} Bc5 {[%clk 1:24:56]} 10. Qe2 {[%clk 1:27:52]} Qe7
{[%clk 1:21:16]} 11. f4 {[%clk 1:25:59]} Qe6 {[%clk 1:12:11]} 12. Nf3
{[%clk 1:24:21]} O-O-O {[%clk 0:52:32]} 13. f5 {[%clk 1:23:17]} Bxf5
{[%clk 0:47:27]} 14. gxf5 {[%clk 1:23:11]} Qe7 {[%clk 0:46:50]} 15. Be3
{[%clk 1:21:51]} Bd6 {[%clk 0:44:06]} 16. O-O-O {[%clk 1:20:08]} Nh5
{[%clk 0:38:54]} 17. Bg5 {[%clk 1:11:44]} f6 {[%clk 0:34:48]} 18. Bh4
{[%clk 1:11:49]} Bf4+ {[%clk 0:34:12]} 19. Nd2 {[%clk 1:10:48]} Ng3
{[%clk 0:32:42]} 20. Bxg3 {[%clk 1:10:56]} Bxg3 {[%clk 0:32:57]} 21. Rhg1
{[%clk 1:08:59]} Be5 {[%clk 0:31:20]} 22. Nb3 {[%clk 1:06:59]} Bxc3 23. bxc3 a5
{[%clk 0:25:19]} 24. Kb1 {[%clk 1:05:37]} Qa3 {[%clk 0:24:44]} 25. Qd2
{[%clk 1:04:03]} a4 {[%clk 0:19:25]} 26. Nd4 {[%clk 1:03:29]} c5 {[%clk 0:17:00]}
27. Nb5 {[%clk 1:02:17]} 1-0

[Event "EUYCC 2024 U12"]
[Site "?"]
[Date "2024.08.06"]
[Round "2.12"]
[White "Ochkova, Vasilena"]
[Black "Hamernikova, Iris"]
[Result "1-0"]
[BlackElo "1448"]
[WhiteElo "1587"]
[LiveChessVersion "1.4.8"]

1. e4 {[%clk 1:30:57]} e5 {[%clk 1:30:56]} 2. Nf3 {[%clk 1:31:19]} Nc6
{[%clk 1:31:22]} 3. Bc4 {[%clk 1:31:38]} d6 {[%clk 1:30:50]} 4. h3
{[%clk 1:31:42]} Be7 {[%clk 1:30:39]} 5. d3 {[%clk 1:31:10]} Nf6 {[%clk 1:26:05]}
6. c3 {[%clk 1:27:50]} d5 {[%clk 1:14:36]} 7. exd5 {[%clk 1:26:14]} Nxd5
{[%clk 1:14:20]} 8. Qb3 {[%clk 1:24:28]} Be6 {[%clk 1:12:10]} 9. Qxb7
{[%clk 1:20:55]} Ncb4 {[%clk 1:04:44]} 10. cxb4 {[%clk 1:06:20]} Nxb4
{[%clk 1:05:00]} 11. O-O {[%clk 0:50:58]} Bxc4 {[%clk 1:02:38]} 12. dxc4
{[%clk 0:51:13]} Nc2 {[%clk 1:02:56]} 13. Qc6+ {[%clk 0:48:35]} Kf8
{[%clk 1:03:08]} 14. Qe4 {[%clk 0:41:25]} Nxa1 {[%clk 1:02:53]} 15. Nc3
{[%clk 0:40:22]} Rb8 {[%clk 1:02:56]} 16. Nxe5 {[%clk 0:34:36]} Rb6
{[%clk 1:01:35]} 17. Rd1 {[%clk 0:29:52]} Rd6 {[%clk 0:52:32]} 18. Rxd6
{[%clk 0:17:04]} Qxd6 {[%clk 0:50:54]} 19. c5 {[%clk 0:14:57]} Qd8
{[%clk 0:49:50]} 20. Nc6 {[%clk 0:07:40]} Qd7 {[%clk 0:45:58]} 21. Nd5
{[%clk 0:02:30]} f5 {[%clk 0:44:48]} 22. Qxe7+ {[%clk 0:02:19]} Qxe7
{[%clk 0:45:09]} 23. Ncxe7 {[%clk 0:02:16]} g6 {[%clk 0:44:55]} 24. b3
{[%clk 0:02:10]} Nc2 {[%clk 0:45:16]} 25. Bb2 {[%clk 0:02:27]} 1-0

[Event "EUYCC 2024 U12"]
[Site "?"]
[Date "2024.08.07"]
[Round "3.1"]
[White "Velim, Vojtech"]
[Black "Corral Nehama, Leo"]
[Result "0-1"]
[BlackElo "1984"]
[WhiteElo "1926"]
[LiveChessVersion "1.4.8"]

1. d4 {[%clk 1:30:57]} Nf6 {[%clk 1:30:01]} 2. Nf3 {[%clk 1:31:14]} e6
{[%clk 1:29:53]} 3. c4 {[%clk 1:31:20]} Bb4+ {[%clk 1:29:20]} 4. Bd2
{[%clk 1:30:47]} c5 {[%clk 1:28:28]} 5. e3 {[%clk 1:30:10]} Nc6 {[%clk 1:24:09]}
6. a3 {[%clk 1:27:26]} Bxd2+ {[%clk 1:23:42]} 7. Qxd2 {[%clk 1:27:10]} cxd4
{[%clk 1:14:30]} 8. exd4 {[%clk 1:26:39]} d5 {[%clk 1:13:17]} 9. Nc3
{[%clk 1:25:09]} a6 {[%clk 1:07:36]} 10. Be2 {[%clk 0:59:48]} Na5
{[%clk 0:57:08]} 11. Rd1 {[%clk 0:52:01]} Nxc4 {[%clk 0:40:18]} 12. Bxc4
{[%clk 0:46:34]} dxc4 {[%clk 0:40:41]} 13. a4 {[%clk 0:46:45]} O-O
{[%clk 0:29:53]} 14. Qe2 {[%clk 0:46:41]} b5 {[%clk 0:26:38]} 15. axb5
{[%clk 0:45:18]} axb5 {[%clk 0:26:50]} 16. Nxb5 {[%clk 0:45:39]} Qa5+
{[%clk 0:27:02]} 17. Nc3 {[%clk 0:45:57]} Nd5 {[%clk 0:27:23]} 18. Qd2
{[%clk 0:37:07]} Nxc3 {[%clk 0:22:30]} 19. Qxc3 {[%clk 0:30:43]} Qxc3+
{[%clk 0:22:14]} 20. bxc3 {[%clk 0:31:05]} Bb7 {[%clk 0:19:32]} 21. Kd2
{[%clk 0:26:07]} Ra2+ {[%clk 0:18:35]} 22. Ke3 {[%clk 0:26:14]} Ra3
{[%clk 0:14:00]} 23. Kd2 {[%clk 0:25:21]} Rfa8 {[%clk 0:12:32]} 24. Rb1
{[%clk 0:24:49]} Ra2+ {[%clk 0:11:43]} 25. Ke3 {[%clk 0:25:05]} Bd5
{[%clk 0:11:54]} 26. Rhc1 {[%clk 0:25:07]} f6 {[%clk 0:11:34]} 27. Nd2
{[%clk 0:24:03]} R8a4 {[%clk 0:08:56]} 28. Rb4 {[%clk 0:18:09]} g5
{[%clk 0:03:38]} 29. g3 {[%clk 0:16:13]} Kg7 {[%clk 0:02:50]} 30. Rxa4
{[%clk 0:08:31]} Rxa4 {[%clk 0:03:19]} 31. Ne4 {[%clk 0:07:51]} Ra2
{[%clk 0:03:06]} 32. Nd2 {[%clk 0:05:00]} Kg6 {[%clk 0:03:05]} 33. f3
{[%clk 0:04:39]} h5 {[%clk 0:02:34]} 34. h4 {[%clk 0:04:53]} g4 {[%clk 0:02:11]}
35. fxg4 {[%clk 0:04:27]} hxg4 {[%clk 0:02:35]} 36. Ke2 {[%clk 0:03:18]} Rb2
{[%clk 0:02:04]} 37. Ke3 {[%clk 0:03:04]} Ra2 {[%clk 0:01:46]} 38. Ke2
{[%clk 0:03:28]} Kf5 {[%clk 0:01:58]} 39. Ke3 {[%clk 0:03:14]} Rb2
{[%clk 0:02:01]} 40. Rf1+ {[%clk 0:03:35]} Kg6 {[%clk 0:02:25]} 41. Rc1
{[%clk 0:03:56]} f5 {[%clk 0:02:31]} 42. Ra1 {[%clk 0:03:29]} Rc2
{[%clk 0:02:47]} 43. Ra3 {[%clk 0:03:51]} Kh5 {[%clk 0:02:16]} 44. Ke2
{[%clk 0:03:54]} f4 {[%clk 0:02:35]} 45. Kd1 {[%clk 0:03:21]} Rb2
{[%clk 0:01:25]} 46. Kc1 {[%clk 0:03:37]} Rb7 {[%clk 0:01:20]} 47. gxf4
{[%clk 0:03:43]} Kxh4 {[%clk 0:01:35]} 48. Kd1 {[%clk 0:03:24]} Kg3
{[%clk 0:01:39]} 49. Ra2 {[%clk 0:02:45]} Kxf4 {[%clk 0:02:02]} 50. Ke2
{[%clk 0:03:08]} g3 {[%clk 0:02:09]} 51. Ra8 {[%clk 0:01:38]} Rg7
{[%clk 0:01:56]} 52. Rf8+ {[%clk 0:01:56]} Kg4 {[%clk 0:02:24]} 53. Nf1
{[%clk 0:01:37]} g2 {[%clk 0:01:41]} 54. Ne3+ {[%clk 0:01:24]} Kg3
{[%clk 0:01:52]} 55. Nxg2 {[%clk 0:01:36]} Kxg2 {[%clk 0:02:19]} 56. Kd2
{[%clk 0:01:15]} Rg3 {[%clk 0:02:32]} 57. Rf4 {[%clk 0:01:05]} Rf3
{[%clk 0:02:53]} 58. Rh4 {[%clk 0:01:10]} Rd3+ {[%clk 0:03:08]} 59. Kc2
{[%clk 0:01:28]} Kg3 {[%clk 0:03:12]} 60. Rh8 {[%clk 0:01:32]} Be4
{[%clk 0:03:20]} 61. Kb2 {[%clk 0:01:47]} Rd2+ {[%clk 0:03:40]} 62. Ka3
{[%clk 0:02:10]} Bd5 {[%clk 0:03:41]} 63. Rf8 {[%clk 0:02:23]} Rc2
{[%clk 0:03:53]} 64. Rg8+ {[%clk 0:02:22]} Kf3 {[%clk 0:04:19]} 65. Kb4
{[%clk 0:02:36]} Rb2+ {[%clk 0:04:45]} 66. Kc5 {[%clk 0:02:56]} Rb3
{[%clk 0:05:14]} 67. Rh8 {[%clk 0:03:13]} Kg4 {[%clk 0:05:24]} 68. Rg8+
{[%clk 0:03:36]} Kf4 {[%clk 0:05:43]} 0-1

[Event "EUYCC 2024 U12"]
[Site "?"]
[Date "2024.08.07"]
[Round "3.2"]
[White "Kala, Jakub"]
[Black "Meszaros-Csonka, David"]
[Result "1/2-1/2"]
[BlackElo "1932"]
[WhiteElo "1949"]
[LiveChessVersion "1.4.8"]

1. Nf3 {[%clk 1:30:56]} d5 {[%clk 1:30:13]} 2. c4 {[%clk 1:31:08]} c6
{[%clk 1:30:14]} 3. e3 {[%clk 1:31:24]} Nf6 {[%clk 1:30:20]} 4. Nc3
{[%clk 1:31:32]} Bg4 {[%clk 1:30:20]} 5. cxd5 {[%clk 1:30:32]} Bxf3
{[%clk 1:30:19]} 6. Qxf3 {[%clk 1:30:30]} cxd5 {[%clk 1:30:30]} 7. Bb5+
{[%clk 1:28:40]} Nc6 {[%clk 1:30:22]} 8. Bxc6+ {[%clk 1:27:53]} bxc6
{[%clk 1:30:40]} 9. b3 {[%clk 1:27:33]} e5 {[%clk 1:13:29]} 10. Bb2
{[%clk 1:26:26]} Bd6 {[%clk 1:11:46]} 11. O-O {[%clk 1:21:58]} O-O
{[%clk 1:07:32]} 12. Rac1 {[%clk 1:19:03]} Rc8 {[%clk 0:59:33]} 13. Na4
{[%clk 1:01:39]} Ne4 {[%clk 0:37:01]} 14. Qe2 {[%clk 0:42:15]} Qe7
{[%clk 0:21:40]} 15. Rc2 {[%clk 0:30:38]} Qb7 {[%clk 0:17:15]} 16. Rfc1
{[%clk 0:25:21]} Rfe8 {[%clk 0:13:57]} 17. f3 {[%clk 0:15:47]} Nf6
{[%clk 0:14:15]} 18. Nc5 {[%clk 0:15:23]} Bxc5 {[%clk 0:14:09]} 19. Rxc5
{[%clk 0:15:51]} Qb6 {[%clk 0:13:37]} 20. Qd3 {[%clk 0:11:42]} Nd7
{[%clk 0:10:55]} 21. R5c2 {[%clk 0:11:33]} h6 {[%clk 0:08:54]} 22. Qf5
{[%clk 0:07:34]} Re6 {[%clk 0:08:51]} 23. Qg4 {[%clk 0:07:35]} Qc7
{[%clk 0:06:17]} 24. b4 {[%clk 0:03:25]} a6 {[%clk 0:05:26]} 25. a4
{[%clk 0:02:12]} Nb6 {[%clk 0:04:28]} 26. b5 {[%clk 0:01:23]} axb5
{[%clk 0:03:06]} 27. axb5 {[%clk 0:01:37]} Nc4 {[%clk 0:01:48]} 28. bxc6
{[%clk 0:01:21]} Nxb2 {[%clk 0:01:45]} 29. Rxb2 {[%clk 0:01:05]} Rxc6
{[%clk 0:02:03]} 30. Rxc6 {[%clk 0:01:00]} Qxc6 {[%clk 0:02:32]} 31. Kf2
{[%clk 0:00:35]} d4 {[%clk 0:01:29]} 32. Qe4 {[%clk 0:00:33]} Qc1
{[%clk 0:00:57]} 33. Ra2 dxe3+ 34. dxe3 Qc6 1/2-1/2

[Event "EUYCC 2024 U12"]
[Site "?"]
[Date "2024.08.07"]
[Round "3.3"]
[White "Bilochenko, Matvii"]
[Black "Skytte, Robert"]
[Result "1-0"]
[BlackElo "1866"]
[WhiteElo "1800"]
[LiveChessVersion "1.4.8"]

1. e4 {[%clk 1:30:58]} c6 {[%clk 1:30:52]} 2. d4 {[%clk 1:31:21]} d5
{[%clk 1:31:16]} 3. Nc3 {[%clk 1:31:46]} dxe4 {[%clk 1:31:42]} 4. Nxe4
{[%clk 1:32:08]} Nf6 {[%clk 1:32:07]} 5. Nxf6+ {[%clk 1:32:29]} exf6
{[%clk 1:32:23]} 6. c3 {[%clk 1:32:35]} Bd6 {[%clk 1:32:42]} 7. Bd3
{[%clk 1:32:44]} O-O {[%clk 1:33:06]} 8. Qc2 {[%clk 1:33:00]} Re8+
{[%clk 1:33:25]} 9. Ne2 {[%clk 1:33:18]} h6 {[%clk 1:33:48]} 10. Be3
{[%clk 1:33:00]} Be6 {[%clk 1:34:00]} 11. O-O {[%clk 1:32:46]} Nd7
{[%clk 1:34:15]} 12. Rad1 {[%clk 1:32:00]} Nf8 {[%clk 1:33:02]} 13. c4
{[%clk 1:30:00]} Qc7 {[%clk 1:30:28]} 14. h3 {[%clk 1:29:16]} Qd7
{[%clk 1:30:24]} 15. Nf4 {[%clk 1:22:58]} Qc7 {[%clk 1:24:41]} 16. Nxe6
{[%clk 1:22:11]} Nxe6 {[%clk 1:23:58]} 17. d5 {[%clk 1:14:08]} Nf4
{[%clk 1:23:24]} 18. c5 {[%clk 1:07:24]} Nxd5 {[%clk 0:37:05]} 19. cxd6
{[%clk 1:06:01]} Qxd6 {[%clk 0:37:10]} 20. Be4 {[%clk 1:00:06]} Qe5
{[%clk 0:30:01]} 21. Bxd5 {[%clk 0:59:11]} cxd5 {[%clk 0:30:02]} 22. Qb3
{[%clk 0:58:05]} Rad8 {[%clk 0:29:02]} 23. Rd4 {[%clk 0:57:16]} Rd7
{[%clk 0:28:11]} 24. Qa4 {[%clk 0:56:17]} Red8 {[%clk 0:25:09]} 25. Qxa7
{[%clk 0:53:23]} f5 {[%clk 0:24:53]} 26. Rfd1 {[%clk 0:49:56]} g5
{[%clk 0:24:50]} 27. R4d2 {[%clk 0:48:07]} Rc8 {[%clk 0:18:02]} 28. Bd4
{[%clk 0:46:24]} Qf4 {[%clk 0:17:53]} 29. Qa3 {[%clk 0:45:19]} Rc1
{[%clk 0:01:18]} 30. Rxc1 {[%clk 0:44:48]} Qxd2 {[%clk 0:01:46]} 31. Rc8+
{[%clk 0:44:33]} Kh7 {[%clk 0:02:11]} 32. Rh8+ {[%clk 0:44:21]} Kg6
{[%clk 0:02:36]} 33. Rg8+ {[%clk 0:44:31]} Kh5 {[%clk 0:03:03]} 34. Qf3+
{[%clk 0:44:47]} Kh4 {[%clk 0:03:26]} 35. g3+ {[%clk 0:45:04]} Kxh3
{[%clk 0:03:48]} 36. Qh5# {[%clk 0:45:04]} 1-0

[Event "EUYCC 2024 U12"]
[Site "?"]
[Date "2024.08.07"]
[Round "3.4"]
[White "Petroff, Vlad"]
[Black "Kopecny, Filip"]
[Result "1-0"]
[BlackElo "2008"]
[WhiteElo "1997"]
[LiveChessVersion "1.4.8"]

1. e4 {[%clk 1:30:55]} c5 {[%clk 1:30:54]} 2. b3 {[%clk 1:31:10]} Nc6
{[%clk 1:30:37]} 3. Bb2 {[%clk 1:30:53]} d6 {[%clk 1:30:59]} 4. Nf3
{[%clk 1:27:52]} Nf6 {[%clk 1:31:15]} 5. Nc3 {[%clk 1:27:47]} g6 {[%clk 1:30:44]}
6. d4 {[%clk 1:24:28]} cxd4 {[%clk 1:28:21]} 7. Nxd4 {[%clk 1:24:42]} Bg7
{[%clk 1:28:13]} 8. Be2 {[%clk 1:19:01]} O-O {[%clk 1:24:42]} 9. O-O
{[%clk 1:16:59]} Bd7 {[%clk 1:21:44]} 10. Re1 {[%clk 1:10:02]} Nxd4
{[%clk 1:16:46]} 11. Qxd4 {[%clk 1:09:54]} Rc8 {[%clk 1:14:36]} 12. Bf1
{[%clk 1:03:15]} Bc6 {[%clk 1:08:39]} 13. Nd1 {[%clk 0:57:17]} Nh5
{[%clk 0:47:25]} 14. Qd2 {[%clk 0:50:55]} Bxb2 {[%clk 0:45:30]} 15. Nxb2
{[%clk 0:51:11]} Nf6 {[%clk 0:45:47]} 16. Bd3 {[%clk 0:48:01]} Qc7
{[%clk 0:44:15]} 17. c4 {[%clk 0:36:26]} Nd7 {[%clk 0:42:40]} 18. Nd1
{[%clk 0:36:19]} Nc5 {[%clk 0:38:13]} 19. Nc3 {[%clk 0:35:42]} Rcd8
{[%clk 0:29:09]} 20. Nd5 {[%clk 0:29:02]} Qd7 {[%clk 0:24:20]} 21. Bc2
{[%clk 0:26:17]} a6 {[%clk 0:18:08]} 22. Qg5 {[%clk 0:22:24]} f6 {[%clk 0:17:19]}
23. Qd2 {[%clk 0:18:00]} e5 {[%clk 0:13:08]} 24. Rad1 {[%clk 0:15:38]} Bxd5
{[%clk 0:12:37]} 25. cxd5 {[%clk 0:14:57]} b5 {[%clk 0:12:23]} 26. b4 Nb7
{[%clk 0:12:38]} 27. Bb3 {[%clk 0:14:50]} Rc8 {[%clk 0:10:50]} 28. Rc1
{[%clk 0:14:53]} Rf7 {[%clk 0:10:19]} 29. Rc2 {[%clk 0:13:22]} Nd8
{[%clk 0:05:47]} 30. Rec1 {[%clk 0:11:18]} Rxc2 {[%clk 0:06:00]} 31. Qxc2
{[%clk 0:11:39]} Qa7 {[%clk 0:04:23]} 32. Qc8 {[%clk 0:10:28]} Rd7
{[%clk 0:04:37]} 33. Rc6 {[%clk 0:06:44]} a5 {[%clk 0:03:31]} 34. Ra6
{[%clk 0:05:14]} Qc7 {[%clk 0:03:29]} 35. Ra8 {[%clk 0:04:20]} a4
{[%clk 0:02:26]} 36. Qxc7 {[%clk 0:03:19]} Rxc7 {[%clk 0:02:51]} 37. Rxd8+
{[%clk 0:03:46]} Kf7 {[%clk 0:02:51]} 38. g3 {[%clk 0:03:55]} axb3
{[%clk 0:02:27]} 39. axb3 {[%clk 0:04:20]} Rb7 {[%clk 0:01:38]} 40. Rxd6
{[%clk 0:04:15]} Ke7 {[%clk 0:01:31]} 41. Re6+ {[%clk 0:04:06]} Kf7 42. g4
{[%clk 0:03:39]} g5 {[%clk 0:01:14]} 43. Kg2 {[%clk 0:03:11]} Kg7
{[%clk 0:01:30]} 44. h4 {[%clk 0:03:01]} h6 {[%clk 0:01:07]} 45. Rc6
{[%clk 0:02:16]} Kf7 {[%clk 0:01:21]} 46. h5 {[%clk 0:02:35]} Ke7
{[%clk 0:01:03]} 47. Rc8 {[%clk 0:02:28]} Kf7 {[%clk 0:01:19]} 48. Kh2
{[%clk 0:02:09]} Rb6 {[%clk 0:01:06]} 49. Kg2 {[%clk 0:01:52]} Ke7
{[%clk 0:00:58]} 50. Rh8 {[%clk 0:02:13]} Kf7 {[%clk 0:01:22]} 51. Rd8
{[%clk 0:01:52]} Ke7 {[%clk 0:01:38]} 52. Rh8 {[%clk 0:01:41]} Kf7
{[%clk 0:02:02]} 53. Rh7+ {[%clk 0:02:09]} Kf8 {[%clk 0:02:25]} 54. Rd7
{[%clk 0:01:50]} Ke8 {[%clk 0:02:35]} 55. Rc7 {[%clk 0:02:06]} Kf8
{[%clk 0:02:20]} 56. Kh2 {[%clk 0:02:09]} Ke8 {[%clk 0:02:15]} 57. Kh3
{[%clk 0:02:02]} Kf8 {[%clk 0:02:31]} 58. Rh7 {[%clk 0:02:20]} Kg8
{[%clk 0:02:33]} 59. Rxh6 {[%clk 0:02:43]} Ra6 {[%clk 0:00:38]} 60. Rg6+
{[%clk 0:02:00]} Kf7 {[%clk 0:00:52]} 61. f4 {[%clk 0:00:57]} gxf4
{[%clk 0:00:35]} 62. g5 {[%clk 0:01:20]} Ra3 {[%clk 0:00:34]} 63. Rxf6+
{[%clk 0:01:47]} Kg7 {[%clk 0:00:56]} 64. h6+ {[%clk 0:01:56]} Kg8
{[%clk 0:01:14]} 65. Kg4 {[%clk 0:01:49]} Rxb3 {[%clk 0:01:34]} 66. Kf5
{[%clk 0:01:33]} 1-0

[Event "EUYCC 2024 U12"]
[Site "?"]
[Date "2024.08.07"]
[Round "3.5"]
[White "Sweetman, Hugo"]
[Black "Sabou, Stefania Theodora"]
[Result "0-1"]
[BlackElo "1781"]
[WhiteElo "1493"]
[LiveChessVersion "1.4.8"]

1. e4 {[%clk 1:30:51]} c5 {[%clk 1:30:51]} 2. c3 {[%clk 1:31:07]} d5
{[%clk 1:31:02]} 3. exd5 {[%clk 1:31:24]} Qxd5 {[%clk 1:31:20]} 4. d4
{[%clk 1:31:35]} cxd4 {[%clk 1:31:22]} 5. cxd4 {[%clk 1:31:56]} Nc6
{[%clk 1:30:40]} 6. Nf3 {[%clk 1:32:05]} e6 {[%clk 1:29:31]} 7. Be2
{[%clk 1:31:22]} Nf6 {[%clk 1:28:31]} 8. O-O {[%clk 1:30:49]} Be7
{[%clk 1:27:21]} 9. Nc3 {[%clk 1:29:23]} Qa5 {[%clk 1:26:09]} 10. Be3
{[%clk 1:27:52]} O-O {[%clk 1:25:43]} 11. Nd2 {[%clk 1:25:07]} Qd8
{[%clk 1:18:18]} 12. Nb3 {[%clk 1:22:47]} Nd5 {[%clk 1:10:30]} 13. Nxd5
{[%clk 1:20:48]} exd5 {[%clk 1:10:51]} 14. Bd3 {[%clk 1:18:57]} f5
{[%clk 1:08:30]} 15. f4 {[%clk 1:17:27]} Kh8 {[%clk 1:07:03]} 16. Rf3
{[%clk 1:16:33]} g6 {[%clk 0:40:03]} 17. Rc1 {[%clk 1:11:08]} Bf6
{[%clk 0:35:25]} 18. Bf2 {[%clk 1:08:03]} g5 {[%clk 0:24:35]} 19. Bb5
{[%clk 0:52:00]} Ne7 {[%clk 0:20:18]} 20. fxg5 {[%clk 0:43:16]} Bxg5
{[%clk 0:20:41]} 21. Rc2 {[%clk 0:43:32]} a6 {[%clk 0:19:16]} 22. Be2
{[%clk 0:40:24]} Ng6 {[%clk 0:16:10]} 23. Bg3 {[%clk 0:37:10]} f4
{[%clk 0:16:21]} 24. Bf2 {[%clk 0:37:31]} Bf5 {[%clk 0:16:09]} 25. Rc5
{[%clk 0:36:36]} Be7 {[%clk 0:16:09]} 26. Rc1 {[%clk 0:35:23]} Be4
{[%clk 0:16:18]} 27. Rh3 {[%clk 0:34:41]} Bg5 {[%clk 0:15:29]} 28. Bf3
{[%clk 0:34:31]} Bf5 {[%clk 0:13:06]} 29. Bg4 {[%clk 0:33:55]} f3
{[%clk 0:11:41]} 30. Bxf5 {[%clk 0:32:50]} Rxf5 {[%clk 0:11:50]} 31. Qc2
{[%clk 0:31:38]} Ne7 {[%clk 0:09:26]} 32. Re1 {[%clk 0:29:19]} Rc8
{[%clk 0:09:06]} 33. Qb1 {[%clk 0:28:55]} Qf8 {[%clk 0:09:00]} 34. Re5
{[%clk 0:27:25]} fxg2 {[%clk 0:03:35]} 35. Nc5 {[%clk 0:24:45]} h6
{[%clk 0:03:07]} 36. Ne6 {[%clk 0:20:23]} Qf6 {[%clk 0:03:12]} 37. Rxf5
{[%clk 0:20:07]} Nxf5 {[%clk 0:03:38]} 38. Nxg5 {[%clk 0:19:25]} Qxg5
{[%clk 0:03:48]} 39. Rc3 {[%clk 0:18:34]} Rxc3 {[%clk 0:03:56]} 40. bxc3
{[%clk 0:18:56]} b5 {[%clk 0:04:22]} 41. Qe1 {[%clk 0:18:40]} Nd6
{[%clk 0:01:41]} 42. Qe5+ {[%clk 0:17:03]} Qxe5 {[%clk 0:02:08]} 43. dxe5
{[%clk 0:17:14]} Ne4 {[%clk 0:01:44]} 44. Bd4 {[%clk 0:17:22]} Kg8
{[%clk 0:02:08]} 45. Kxg2 {[%clk 0:17:22]} Kf7 {[%clk 0:02:32]} 46. Kf3
{[%clk 0:17:16]} Ke6 {[%clk 0:02:56]} 47. Kg4 {[%clk 0:17:16]} Ng5
{[%clk 0:03:04]} 48. Kf4 {[%clk 0:16:47]} Nf7 {[%clk 0:02:41]} 49. h3
{[%clk 0:14:38]} a5 {[%clk 0:02:31]} 50. a3 {[%clk 0:14:32]} a4 {[%clk 0:02:50]}
51. Kg4 {[%clk 0:13:43]} Nxe5+ {[%clk 0:02:44]} 52. Kh5 {[%clk 0:13:45]} Nf7
{[%clk 0:02:25]} 53. Bc5 {[%clk 0:12:49]} Kf5 {[%clk 0:02:41]} 54. Bf8
{[%clk 0:11:32]} Kf6 {[%clk 0:02:12]} 55. Kg4 {[%clk 0:11:32]} Ne5+
{[%clk 0:02:32]} 56. Kf4 {[%clk 0:11:43]} Ng6+ {[%clk 0:02:57]} 57. Ke3
{[%clk 0:11:53]} Nxf8 {[%clk 0:02:40]} 58. Kd4 {[%clk 0:12:10]} Ke6
{[%clk 0:01:49]} 59. Kc5 {[%clk 0:12:30]} Nd7+ {[%clk 0:01:45]} 60. Kxb5
{[%clk 0:12:52]} Kd6 {[%clk 0:02:10]} 61. Kxa4 {[%clk 0:12:56]} Kc5
{[%clk 0:02:31]} 62. Ka5 {[%clk 0:13:09]} Nb6 {[%clk 0:02:52]} 63. h4
{[%clk 0:13:26]} h5 {[%clk 0:03:14]} 64. a4 {[%clk 0:13:20]} Nxa4
{[%clk 0:03:26]} 0-1